000 00694nam a22002057a 4500
999 _c13755
_d13755
003 AR-CdUCM
008 190416b ||||| |||| 00| 0 spa d
040 _aMUNICIPALIDAD PROVINCIAL DEL CUSCO
_cBIBLIOTECA MUNICIPAL DEL CUSCO
082 _a398 /
_bD54
100 _aDíaz del Aguila, Juan
_932291
245 _aFolklore amazónico /
260 _aLima :
_bBiblioteca nacional del Perú
_c1965.
300 _a57 paginas ;
_c21 cm.
505 _aContenido :De Iquitos a Nauta en monteria --La casa de zinc --Un sacha limeño --El pusangueado ...
650 _aFolclore
_93233
650 _aCuentos peruanos
_97
650 _aSiglo XX
_98
942 _2ddc
_cLIBROS
945 _arjall
_d2019-04-16